Сборник материалов по аккредитации в "Системе аккредитации лабораторной государственной санитарно-эпидемиологической службы Российской Федерации"; Вып. 2

Библиографические подробности
Автор-организация: Российская Федерация Федеральный центр госсанэпиднадзора
Язык:русский
Опубликовано: Москва, Федеральный центр госсанэпиднадзора Минздрава России, 2001
Предметы:
Формат: Книга
Запись в KOHA:https://koha.lib.tpu.ru/cgi-bin/koha/opac-detail.pl?biblionumber=52964

MARC

LEADER 00000nam0a2200000 4500
001 52964
005 20231101211409.0
010 |a 5750802752 
035 |a (RuTPU)RU\TPU\book\55541 
090 |a 52964 
100 |a 20030609d2001 k y0rusy50 ca 
101 0 |a rus 
102 |a RU 
105 |a y l 000zy 
200 1 |a Сборник материалов по аккредитации в "Системе аккредитации лабораторной государственной санитарно-эпидемиологической службы Российской Федерации"  |h Вып. 2  |f Федеральный центр госсанэпиднадзора 
210 |a Москва  |c Федеральный центр госсанэпиднадзора Минздрава России  |d 2001 
215 |a 152 с. 
610 1 |a санитария 
610 1 |a санитарно-эпидемиологическая служба 
610 1 |a аккредитация 
610 1 |a Россия 
610 1 |a испытательные лаборатории 
610 1 |a зарубежные испытательные лаборатории 
675 |a 614.2  |v 3 
712 0 2 |a Российская Федерация  |b Федеральный центр госсанэпиднадзора  |c (Москва)  |2 stltpush  |3 (RuTPU)RU\TPU\col\3223  |9 23783 
801 1 |a RU  |b 63413507  |c 20030609  |g PSBO 
801 2 |a RU  |b 63413507  |c 20081209  |g PSBO 
942 |c BK